Δήμοι της Ανατολικής Μακεδονίας και Θράκης με Χάρτη - Statistics

General Stats
  • This quiz has been taken 11 times
  • The average score is 11 of 22
Answers on the Map
Answers color-coded by a green-red scale on the quiz's map according to % correct below.
 
Answer Stats
Δήμος % Correct
Δράμας
100%
Θάσου
100%
Καβάλας
100%
Ξάνθης
100%
Αλεξανδρούπολης
88%
Κομοτηνής
88%
Ορεστιάδας
88%
Διδυμοτείχου
63%
Σαμοθράκης
63%
Αβδήρων
38%
Ιάσμου
38%
Μαρώνειας-Σαπών
38%
Σουφλίου
38%
Δοξάτου
25%
Κάτω Νευροκοπίου
25%
Νέστου
25%
Παγγαίου
25%
Αρριανών
13%
Μύκης
13%
Παρανεστίου
13%
Προσοτσάνης
13%
Τοπείρου
13%
No matching quizzes found
Score Distribution
Percent of People with Each Score
Percentile by Number Answered
Your Score History
You have not taken this quiz